Statistics for Taylor Swift - Bigger Than The Whole Sky (Lyrics)

Click here to take the quiz!

General Stats

  • This quiz has been taken 1,024 times
  • The average score is 212 of 250

Answer Stats

Answer% Correct
the
99%
whole
99%
a
98%
bigger
98%
I
98%
sky
98%
than
98%
were
98%
You
98%
you
98%
be
95%
more
95%
goodbye
94%
goodbye,
94%
Goodbye,
94%
just
94%
time
93%
short
92%
been,
91%
been
91%
could've
91%
to
91%
should've
90%
What
89%
would've
89%
me
88%
And
87%
and
87%
in
85%
my
85%
I've
84%
I've
84%
got
83%
lot
83%
never
83%
No
83%
I'm
81%
with
81%
about
80%
it's
80%
its
80%
So
80%
gonna
78%
live
77%
out
76%
without
76%
over,
75%
over
75%
words
75%
Did
74%
all
73%
some
73%
aftermath
72%
meet
72%
pine
72%
now,
70%
because
69%
didn't
69%
Every
69%
thing
69%
bird
68%
I'll
68%
say
68%
appear
67%
before
67%
into
67%
pray?
67%
take
67%
Asia?
66%
eyes
66%
don't
66%
force
66%
single
66%
wings
66%
'Cause
65%
flap
65%
touch
65%
not
64%
sadness
64%
Salt
64%
ears
63%
believe
62%
sick
62%
becomes
61%
meant
60%
streams
60%
sea
58%
ashes
53%
come
53%
turned
52%
has
51%

Score Distribution

Percentile by Number Answered

Percent of People with Each Score

Your Score History

You have not taken this quiz